Scriptores rei Rusticae Veteres latini Catonem et Varronem Volumen Primum

Bibliographic Details
Format: Book
Language:English
PhysicalDescription:248 s.
Published: Biponti Typographia Societatis 1787

MARC

LEADER 00000nam a2200000 a 4500
001 vtls009291779
003 SK-MaSNL
005 20260224210826.0
008 080505 000 0 eng
040 |a SNK  |b slo  |c SNK  |e AACR2 
245 1 |a Scriptores rei Rusticae Veteres latini  |b Catonem et Varronem  |n Volumen Primum 
260 |a Biponti  |b Typographia Societatis  |c 1787 
300 |a 248 s. 
999 |c 1172016  |d 1173946 
952 |a SNK  |b SNK  |y PREZ  |7 0  |p 17X09291779001  |o snkIC 15883/1  |i snkKIF 991/56  |8 5  |3 rekatalogizácia  |0 0  |1 0  |4 0  |d 2008-05-05  |l 0  |r 2026-02-24 21:08:26  |w 2026-02-24